Những thần nữ danh tiếng trong văn hóa tín ngưỡng Việt Nam
Spremljeno u:
| Glavni autor: | |
|---|---|
| Format: | Knjiga |
| Jezik: | Undetermined |
| Izdano: |
Hà Nội
Phụ Nữ
1996
|
| Teme: | |
| Oznake: |
Dodaj oznaku
Bez oznaka, Budi prvi tko označuje ovaj zapis!
|
| Thư viện lưu trữ: | Trung tâm Học liệu Trường Đại học Cần Thơ |
|---|
| LEADER | 00604nam a2200193Ia 4500 | ||
|---|---|---|---|
| 001 | CTU_32668 | ||
| 008 | 210402s9999 xx 000 0 und d | ||
| 020 | |b 27.000đ | ||
| 082 | |a 398.409597 | ||
| 082 | |b S105 | ||
| 100 | |a Nguyễn Minh San | ||
| 245 | 0 | |a Những thần nữ danh tiếng trong văn hóa tín ngưỡng Việt Nam | |
| 245 | 0 | |c Nguyễn Minh San | |
| 260 | |a Hà Nội | ||
| 260 | |b Phụ Nữ | ||
| 260 | |c 1996 | ||
| 650 | |a worship,folklore - vietnam,saints - culture | ||
| 904 | |i Minh, 990814 | ||
| 980 | |a Trung tâm Học liệu Trường Đại học Cần Thơ | ||